000 00374cam a2200145ua 4500
041 _aeng
_h
082 _a821
_bSPE/PO
100 _aSpenser, Edmund .
245 _aPoetical works of Edmund Spenser /
_cEdmund Spenser.
_hTextual Documents
260 _aLondon :
_bOxford University Press ,
_c1961.
300 _a736 ; .
504 _a
942 _cBK
999 _c4221
_d4221